• 首页
  • 本馆介绍
  • 公告通知
  • 最新文献
  • 馆藏检索
  • 电子资源
  • 读者导购
  • 参考咨询
  • 我的图书馆
  • 登录
  • 详细信息显示
  • 放入我的书架
  • 预约/预借图书
  • 作者相关作品
  • 分类相关作品
  • 丛书相关作品
  • 出版社相关作品

书目信息

  • 表格格式
  • 工作单格式
  • 卡片格式
题名:
黄有维水彩画精选集
    
 
作者: 黄有维 绘
分册:  
出版信息: 天津   天津人民美术出版社  2006
页数: 24页
开本: 38cm
丛书名:
单 册:
中图分类: J225
科图分类:
主题词: 水彩画--中国--现代--画册 , 水彩画
电子资源:
ISBN: 7-5305-3166-2
000 00751nam0 2200241 450
001 003067128
005 20070805165450.31
010    @a7-5305-3166-2@dCNY24.00
100    @a20060116d2006 em y0chiy0110 ea
101 0  @achi
102    @aCN@b120000
105    @aa z 000yy
106    @ad
200 1  @a黄有维水彩画精选集@9huang you wei shui cai hua jing xuan ji
210    @a天津@c天津人民美术出版社@d2006
215    @a24页@d38cm
330    @a本书收录了黄有维的玫瑰往事、粉黛千映花红、古琴曲、喜气临门、长城之秋、梦里水乡、余韵、晨曲、田园、回家等水彩画。
606 0  @a水彩画@y中国@z现代@j画册
606 0  @a水彩画
690    @aJ225@v4
701  0 @a黄有维@9huang you wei@f(1965~)@4绘
801  0 @aCN@bNLC@c20070805
905    @a10447@dJ225@e241
    
    黄有维水彩画精选集.-天津:天津人民美术出版社,2006
    24页;38cm
    
    
    ISBN 7-5305-3166-2:CNY24.00
    本书收录了黄有维的玫瑰往事、粉黛千映花红、古琴曲、喜气临门、长城之秋、梦里水乡、余韵、晨曲、田园、回家等水彩画。
●
相关链接 在E读中查询图书 在五车中查询图书 在当当中查询图书 在豆瓣中查询图书


正题名:黄有维水彩画精选集     索取号:J225/241         预约/预借

序号 登录号 条形码 馆藏地/架位号 状态 备注
1 0808320   208083205   第一样本阅览室/ [索取号:J225/241] 在馆    
2 0808321   208083214   第一借阅区/ [索取号:J225/241] 在馆    
3 0808322   208083223   第一借阅区/ [索取号:J225/241] 在馆    
4 0808323   208083232   第一借阅区/ [索取号:J225/241] 在馆    
5 0808324   208083241   第一借阅区/ [索取号:J225/241] 在馆    
6 0808325   208083250   第一借阅区/ [索取号:J225/241] 在馆    
7 0808326   208083269   密集书库-美术系/ [索取号:J225/241] 在馆    
8 0808327   208083278   密集书库-美术系/ [索取号:J225/241] 在馆    
9 0808328   208083287   密集书库-美术系/ [索取号:J225/241] 在馆    
唐山师范学院图书馆 欢迎您!
大连网信软件有限公司© 版权所有